000 00673pam a2200181 a 4500
020 _a0138577153
082 0 0 _a650/.0285
_bSEN
_cN-1, P-89
100 1 _aSenn, James A.
_944498
245 1 0 _aInformation technology in business :
_bprinciples, practices, and opportunities /
_cJames A. Senn.
250 _a2nd ed.
260 _aUpper Saddle River, N.J. :
_bPrentice Hall,
_cc1998.
300 _a1 v. (various pagings) :
_bill. (some col.), col. maps ;
_c26 cm.
526 _a0
_b0
_c0
_d650_028500000000000_SEN
650 0 _aBusiness
_xData processing.
_93217
650 0 _aInformation storage and retrieval systems
_xBusiness.
_944499
650 0 _aNUST
_96342
942 _2ddc
_cBK
999 _c548272
_d548272